|
|
|
|
| LEADER |
00000nam a22000007a 4500 |
| 005 |
20131129133617.0 |
| 007 |
cr|||| |||| |
| 008 |
131129s2012 sp |||||s|||| 00||0 spa d |
| 020 |
|
|
|a 978-84-9031-485-2
|
| 035 |
|
|
|a 11650
|
| 040 |
|
|
|a vLex
|
| 090 |
|
|
|c 4615
|d 4615
|
| 100 |
1 |
|
|a Burzaco Samper, Mara̕
|
| 245 |
1 |
0 |
|a Contratos del sector pb︢lico. Esquemas
|h [Recurso electrn̤ico] /
|c Mara̕ Burzaco Samper
|
| 256 |
|
|
|a Servicio en ln̕ea
|
| 260 |
|
|
|a Madrid :
|b Dykinson,
|c 2013
|
| 300 |
|
|
|a 1 recurso electrn̤ico
|
| 506 |
1 |
|
|a Contenido disponible en los productos indicados
|d vLex Global
|d vLex Global (Academic Edition, excluding Law Schools)
|d vLex Global (U.S. Academic Edition, Law Schools)
|d vLex Global (U.S. Academic Edition, excluding Law Schools)
|d vLex Global (Academic Edition, Law Schools)
|
| 650 |
0 |
4 |
|a Sector pb︢lico
|x Contratos
|
| 740 |
0 |
|
|a vLex Libros (Servicio en ln̕ea)
|
| 856 |
4 |
0 |
|u http://vlex.com/source/contratos-del-sector-publico-esquemas-11650
|z Acceso restringido
|
| 942 |
|
|
|c BOOK
|
| 999 |
0 |
|
|a Contracts
|